|
|
|
|
| LEADER |
01005nam a2200265 a 4500 |
| 001 |
15560867 |
| 008 |
091110s2008 enk 000 f eng d |
| 010 |
|
|
|a 2008278429
|
| 020 |
|
|
|a 9780552775557
|
| 020 |
|
|
|a 9780385608152 (hbk.)
|
| 020 |
|
|
|a 0385608152 (hbk.)
|
| 020 |
|
|
|a 9780385608169 (pbk.)
|
| 020 |
|
|
|a 0385608160 (pbk.)
|
| 040 |
|
|
|a UKM
|c UKM
|d BTCTA
|d BWKUK
|d DLC
|
| 082 |
0 |
4 |
|a 823.92
|2 22
|
| 100 |
1 |
|
|a Swarup, Vikas.
|
| 245 |
1 |
0 |
|a Six suspects /
|c Vikas Swarup.
|
| 260 |
|
|
|a London :
|b Doubleday, ;
|b Black Swan
|c 2008.
|
| 300 |
|
|
|a 574 p. ;
|c 18 cm.
|
| 541 |
1 |
|
|e 00019524
|
| 650 |
|
0 |
|a Rich people
|x Crimes against
|z India
|z Delhi
|v Fiction.
|
| 655 |
|
0 |
|a Detective and mystery stories.
|
| 852 |
4 |
|
|a Ayesha Abed Library
|j General Shelf
|
| 999 |
|
|
|c 5348
|d 5348
|
| 952 |
|
|
|0 0
|1 0
|2 ddc
|4 0
|6 823_920000000000000_SWA
|7 0
|9 5210
|a BRACUL
|b BRACUL
|c GEN
|d 2009-11-05
|e Rupa Chakroborty
|l 7
|m 49
|o 823.92 SWA
|p 3010019524
|r 2025-12-01
|s 2025-11-06
|t 1
|w 2009-11-10
|y BK
|x Transferred from ENH to Ayesha Abed library on 20/12/2023
|